00000000nam##2200000za#4500
0019.625248
003CaOODSP
00520241210082331
007ta
008150406|2000||||xxc|||||     f|0| 0 fre|d
020 |a0-662-84387-8
022 |a1192-5434
040 |aCaOODSP|bfre
043 |an-cn---
0861 |aFB3-2/100-4F
1102 |aBanque du Canada.
24510|aQuelques résultats empiriques relatifs à l'évolution de taux et de change Canada/États-Unis / |cpar Ramdane Djoudad et David Tessier.
260 |aOttawa - Ontario : |bBanque du Canada |c2000.
300 |avii, 26p. : |bgraphiques, tableaux ; |c28 cm.
4901 |aDocument de travail|x1192-5434|v2000-4
500 |a«L'objectif des auteurs est ici de voir dans quelle mesure des facteurs autres que les prix des produits de base de l'énergie ont contribué à la dépréciation du dollar canadien depuis le début des années 1970. Les variables prises en compte à cette fin incluent entre autres les conditions budgétaires et la productivité. La méthode utilisée consiste à déterminer les variables susceptibles de jouer un rôle important, à long terme, dans l'évolution du taux de change réel.»--Résumé.
504 |aBibliographie.
5203 |aL'objectif des auteurs est ici de voir dans quelle mesure des facteurs autres que les prix des produits de base de l'énergie ont contribué à la dépréciation du dollar canadien depuis le début des années 1970. Les variables prises en compte à cette fin incluent entre autres les conditions budgétaires et la productivité. La méthode utilisée consiste à déterminer les variables susceptibles de jouer un rôle important, à long terme, dans l'évolution du taux de change réel.--Résumé
546 |aAbstracts in English
563 |aCouverture souple
590 |a00-08|b2000-02-25
7201 |aTessier, David
7201 |aDjoudad, Ramdane
7760#|tQuelques résultats empiriques relatifs à l'évolution du taux de change Canada/États-Unis / |w(CaOODSP)9.602117
830#0|aDocument de travail,|x1192-5434|v2000-4|w(CaOODSP)9.513013